000 00675nam a2200205Ii 4500
003 JO-AjNU
008 230606s9999||||xx |||||||||||||| ||und||
020 _a0-88262-539-x
040 _aJO-AjNU
_beng
_erda
_cJO-AjNU
041 _aeng
050 1 4 _aHF5686.I56.A76 1981
100 3 _aArpan,Jeffrey S / Radebaugh,Lee H,
_eauthor
_93251
245 0 0 _aInternational Accounting and Multinational Enterpises
264 3 1 _aBoston, New York: Warren,Gorham, Lamont, 1981
300 _a400p
_b Includes Bibliography indexes(p375-400)
336 _atext
_btxt
_2rdacontent
337 _aunmediated
_bn
_2rdamedia
338 _avolume
_bnc
_2rdacarrier
650 4 _aAccounting
_93252
999 _aE1701
_c1701
_d1701